000 00921cam a2200277zu 4500
001 10116959
003 FRCYB10116959
005 20251020123046.0
006 m o d
007 cr un
008 251020s2005 fr | o|||||0|0|||fre d
020 _a9782846701020
035 _aFRCYB10116959
040 _aFR-PaCSA
_bfr
_c
_erda
100 1 _aObadia, Lionel
245 0 1 _aLa Sorcellerie
_c['Obadia, Lionel']
264 1 _bLe Cavalier Bleu éditions
_c2005
300 _a p.
336 _btxt
_2rdacontent
337 _bc
_2rdamdedia
338 _bc
_2rdacarrier
650 0 _a
700 0 _aObadia, Lionel
856 4 0 _2Cyberlibris
_uhttps://international.scholarvox.com/netsen/book/10116959
_qtext/html
_a
520 _aAncestrale, voire archaïque selon certains, la sorcellerie est pourtant présente dans les sociétés modernes et éveille toujours autant d’idées reçues.
999 _c1552889
_d1552889